00271nam a22000977a 450000500170000002000180001708200180003524500540005326000500010730000160015720260630145753.0 a9781009100410 a327.202 KAR/D aDiplomatic tradecraft/cedited by Nicholas Karlev a. - U Kb: Cambridge University Pressc, 2024 ax+402 pages